000 00318nam a2200133Ia 4500
008 211109s9999||||xx |||||||||||||| ||und||
082 _aae
_bPAD-U
100 _aPadmarajan, P
245 0 _aUdakapola
260 _bNATIONAL BOOKSTALL
_aKottayam
_c1980
630 _xGeneral Stack
650 _vGeneralia
942 _cBOOK
999 _c83077
_d83077